| 000 | 05694nam0a2200661 4500 | ||
|---|---|---|---|
| 001 | RU\NLR\BIBL_A\011947765 | ||
| 005 | 20250809113051.0 | ||
| 020 |
_aRU _9Ленинград в Великой Отечественной войне. Коллекция. Афиши |
||
| 035 | _a(NLR Aleph) 011947765 | ||
| 090 |
_a65640 _c65640 |
||
| 100 | _a20190227d1945 u y0rusy50 ca | ||
| 101 | 0 | _arus | |
| 102 | _aRU | ||
| 105 | _ay z 000zy | ||
| 135 | _acrcn 024anaba | ||
| 200 | 1 |
_a4,5,7,8 апреля А ну-ка, взяли!: эстрадно-цирковое представление в 2 отделениях. Авторы: Г.С. Венецианов, М.Л. Карелина, И.М. Меттер, композиторы: К.М. Аренков, лауреат Сталинской премии В.П. Соловьев-Седой, В.К. Сорокин. Постановка и режиссура: Засл. Арт. Респ. А.Б. Винер, З.В. Рикоми, балетмейстер Р.И. Гербек. Художник М.А. Григорьев, режиссер А.С. Животов, режиссер балета Е.В. Иванова, режиссер цирка Г.М. Поликарпов _eучаствуют: Н.А. Копелянская, Т.Л. Лапина, О.Н. Малоземова [и др.]. Зав. музчастью К.М. Аренков, дирижер М.Г. Корик. Зав. постан. частью Н.Г. Немировская. Художественный руководитель театра Г.С. Венецианов _e[афиша] _fЛенинградское отделение ВГКО "Ленгосэстрада", Театр эстрады |
|
| 210 |
_a[Ленинград] _cТЛ-4 _d1945 |
||
| 215 |
_a1 л. _d50х68 |
||
| 300 | _aНачало в 7 ч. 15 м. и 9 ч. 30 м. вечера. Билеты продаются в кассе театра от 12 ч. дня до 10 ч. вечера и во всех районных кассах ЦТК | ||
| 300 | _aЗак.: 774 | ||
| 325 | _aКопия доступна в Электрон. б-ке РНБ | ||
| 517 | 1 | _aА ну-ка, взяли! | |
| 606 | 1 |
_aТеатральная жизнь _yЛенинград, город _z1941 - 1944 _jАфиши _2nlr_sh2 _3RU\NLR\AUTH\6601649837 |
|
| 686 | _aЩ333(2Р=Рус)7-692Ленинград | ||
| 702 | 1 |
_aВенецианов _bГ. С. _cдраматург, режиссёр _f1896-1965 _gГеоргий Семёнович _3RU\NLR\AUTH\770201910 _4005 |
|
| 702 | 1 |
_aКарелина _bМ. Л. _cсценарист _3RU\NLR\AUTH\770201913 _4690 |
|
| 702 | 1 |
_aМеттер _bИ. М. _cписатель, сценарист _f1909-1996 _gИзраиль Моисеевич _3RU\NLR\AUTH\7734074 _4570 |
|
| 702 | 1 |
_aАренков _bК. М. _cкомпозитор _f1894-1946 _gКонстантин Михайлович _3RU\NLR\AUTH\770201997 _4230 |
|
| 702 | 1 |
_aСоловьев-Седой _bВ. П. _f1909-1979 _gВасилий Павлович _3RU\NLR\AUTH\77127113 _4230 |
|
| 702 | 1 |
_aСорокин _bВ. К. _cкомпозитор _f1914-1997 _gВладимир Константинович _3RU\NLR\AUTH\770201950 _4230 |
|
| 702 | 1 |
_aВинер _bА. Б. _cрежиссер _f1896-1984 _gАлександр Борисович _3RU\NLR\AUTH\770201956 _4300 |
|
| 702 | 1 |
_aРикоми _bЗ. В. _cактриса _f1902-1984 _gЗинаида Викторовна _3RU\NLR\AUTH\770201960 _4300 |
|
| 702 | 1 |
_aГербек _bР. И. _cартист балета _f1907-1994 _gРоберт Иосифович _3RU\NLR\AUTH\770201628 _4005 |
|
| 702 | 1 |
_aГригорьев _bМ. А. _cхудожник _f1899-1960 _gМихаил Александрович _3RU\NLR\AUTH\770201970 _4040 |
|
| 702 | 1 |
_aЖивотов _bА. С. _cкомпозитор _f1904-1964 _gАлексей Семенович _3RU\NLR\AUTH\77127061 _4300 |
|
| 702 | 1 |
_aИванова _bЕ. В. _cрежиссер балета _3RU\NLR\AUTH\770202012 _4300 |
|
| 702 | 1 |
_aПоликарпов _bГ. М. _cартист цирка _f1914-1994 _gГеоргий Михайлович _3RU\NLR\AUTH\770202014 _4300 |
|
| 702 | 1 |
_aКопелянская _bН. А. _cартистка, певица _f1902-1973 _gНадежда Абрамовна _3RU\NLR\AUTH\770202181 _4005 |
|
| 702 | 1 |
_aЛапина _bТ. Л. _cартистка, литератор _f1913-1997 _gТамара Леонидовна _3RU\NLR\AUTH\770202164 _4005 |
|
| 702 | 1 |
_aМалоземова _bО. Н. _cактриса _f-1988 _gОльга Николаевна _3RU\NLR\AUTH\770202066 _4005 |
|
| 702 | 1 |
_aКорик _bМ. Г. _cаккомпаниатор, дирижер _gМихаил Григорьевич _3RU\NLR\AUTH\770202004 _4570 |
|
| 702 | 1 |
_aНемировская _bН. Г. _cработник театра _3RU\NLR\AUTH\770202016 _4570 |
|
| 852 |
_aNLR _jЛ3-330а/14/3/1945-апр.(1) |
||
| 856 | 0 | _uhttp://vivaldi.nlr.ru/la700000233/view | |
| 856 | 1 | _uhttp://vivaldi.nlr.ru/la700000233/cover | |
| 856 | 2 | _uhttp://vivaldi.nlr.ru/la700000233/text | |
| 942 | _cVISUAL | ||
| 945 | _aРоссийская национальная библиотека | ||
| 980 | _aNB | ||
| 980 | _aBV | ||
| 980 | 3 | _akplen | |
| 980 | 3 | _akp | |
| 981 | 3 | 7 |
_a(37) Ленинград в Великой Отечественной войне _b(37) Афиши блокадного Ленинграда |